000 00836cam a22002174a 4500
001 13935256
005 20250122194051.0
008 050419s2006 njuab b 001 0 eng
020 _a0131192426
050 0 0 _aKF4175.Z9
_bU53 2006
082 0 0 _a344.73/071
_222
100 1 _aUnderwood, Julie.
245 1 0 _aSchool law for teachers :
_bconcepts and applications /
_cJulie Underwood, L. Dean Webb.
260 _aUpper Saddle River, N.J. :
_bPearson/Merrill Prentice Hall,
_cc2006.
300 _axxiii, 232 p. :
_bill., maps ;
_c24 cm.
650 0 _aTeachers
_xLegal status, laws, etc.
_zUnited States
_vPopular works.
650 0 _aEducational law and legislation
_zUnited States
_vPopular works.
700 1 _aWebb, L. Dean.
856 4 1 _3Table of contents only
_uhttp://www.loc.gov/catdir/toc/fy0613/2005047950.html
942 _2lcc
_cBK
_n0
999 _c2849
_d2849